Statistics for Main Natural Plant Species by U.S. City 2

Click here to take the quiz!

General Stats

  • This quiz has been taken 4 times
  • The average score is 12 of 14

Answer Stats

HintAnswer% Correct
TampaBeech/Sweetgum/Magnolia/Pine/Oak
100%
Portland, MaineMaple/Birch/Beech/Hemlock
100%
Augusta, MaineMaple/Birch/Beech/Spruce/Hemlock
100%
PhiladelphiaOak
100%
AshevilleOak
100%
Washington, D.C.Oak/Hickory/Pine
100%
New OrleansOak/Tupelo/Cypress
100%
FairbanksSpruce/Birch
100%
International Falls, MinnesotaSpruce/Larch/Cedar
100%
San DiegoSagebrush/Buckwheat
75%
BoiseSagebrush/Wheatgrass
75%
El PasoGrama/Tobosa/Creosote
50%
DallasBluestem/Feathergrass
25%
Los AngelesNeedlegrass
25%

Score Distribution

Percentile by Number Answered

Percent of People with Each Score

Your Score History

You have not taken this quiz